Dynamics of Curriculum Effectiveness of Technical Education System in Khyber Pakhtunkhwa / (Record no. 533305)

000 -LEADER
fixed length control field 00533nam a22001577a 4500
020 ## - INTERNATIONAL STANDARD BOOK NUMBER
Qualifying information Hard Cover.
082 ## - DEWEY DECIMAL CLASSIFICATION NUMBER
Classification number 620.005
100 ## - MAIN ENTRY--PERSONAL NAME
Personal name Munir, Iqbal
245 ## - TITLE STATEMENT
Title Dynamics of Curriculum Effectiveness of Technical Education System in Khyber Pakhtunkhwa /
Statement of responsibility, etc. Iqbal Munir.
260 ## - PUBLICATION, DISTRIBUTION, ETC.
Place of publication, distribution, etc. Islamabad:
Name of publisher, distributor, etc. CEME - NUST,
Date of publication, distribution, etc. 2013.
300 ## - PHYSICAL DESCRIPTION
Extent 94 p. :
Other physical details ill. ;
Dimensions 30cm.
942 ## - ADDED ENTRY ELEMENTS (KOHA)
Source of classification or shelving scheme
Koha item type Thesis
650 ## - SUBJECT ADDED ENTRY--TOPICAL TERM
Topical term or geographic name entry element Engineering Managment MS-Thesis.
700 ## - ADDED ENTRY--PERSONAL NAME
Personal name Dr. Akhtar Nawaz Malik
650 ## - SUBJECT ADDED ENTRY--TOPICAL TERM
-- 16311
700 ## - ADDED ENTRY--PERSONAL NAME
-- 16099
Holdings
Withdrawn status Lost status Source of classification or shelving scheme Damaged status Not for loan Permanent Location Current Location Shelving location Date acquired Total Checkouts Full call number Barcode Date last seen Price effective from Koha item type
          Central Library (CL) Central Library (CL) Thesis 12/20/2019   620.005 CL-T-3658 12/20/2019 12/20/2019 Thesis
© 2023 Central Library, National University of Sciences and Technology. All Rights Reserved.